| 000 | 00814nam a2200253 a 4500 | ||
|---|---|---|---|
| 999 |
_c5665 _d5665 |
||
| 001 | 20300 | ||
| 003 | BD-DhUAP | ||
| 005 | 20201220094148.0 | ||
| 008 | 201220s2017 ii ab b 001 0 eng | ||
| 020 | _a9781259001857 | ||
| 020 | _a1259001857 | ||
| 040 |
_aDLC _cDLC _dBD-DhUAP |
||
| 082 | 0 | 0 |
_a658.0072 COO _223 |
| 100 | 1 |
_aCooper, Donald R. _915337 |
|
| 245 | 1 | 0 |
_aBusiness research methods / _cDonald R. Cooper, Pamela S. Schindler and J. K. Sharma. |
| 250 | _a11th ed. | ||
| 260 |
_aNew Delhi : _bMcGraw-Hill Edcuation India, _c2017. |
||
| 300 |
_axxx, 950 pages : _bilustrations ; _c29 cm. |
||
| 504 | _aIncludes bibliographical references and indexes. | ||
| 650 | 0 |
_aIndustrial management _xResearch. _915338 |
|
| 700 | 1 |
_aSchindler, Pamela S. _915339 |
|
| 700 | 1 |
_aSharma, J. K. _915340 |
|
| 942 |
_2ddc _cBK |
||